Hodnocení velikosti hipokampu u schizofrenie - zkušenosti z brněnské kliniky

Bibliographic Details
Main Authors: Schwarz, D. (Author), Češková, Eva, 1946- (Author), Kučerová, H. (Author), Krupa, P. (Author), Přikryl, R. (Author), Kašpárek, T. (Author)
Format: Article
Language:Czech

MARC

LEADER 00000nab a2200000uu 4500
001 vtls011144407
003 SK-MaSNL
005 20260303130053.0
008 230218|2006 xo |||||||||||||||||cze|
015 |a SNBRB 
035 |a (urnnbn)urn:nbn:sk:snk:ar-008hs0 
035 |a (uuid)2c158646-e458-47be-9a05-c6ea7a3182d8 
035 |a urn:nbn:sk:snk-abavfs 
040 |a SNKBUCL  |b slo  |c SNKBUCL  |e AACR2 
041 0 |a cze 
044 |a xo  |c SK 
100 1 |a Schwarz, D.  |4 aut  |9 790069 
245 1 0 |a Hodnocení velikosti hipokampu u schizofrenie - zkušenosti z brněnské kliniky  |c D. Schwarz, E. Češková, H. Kučerová, P. Krupa, R. Přikryl, T. Kašpárek 
700 1 |a Češková, Eva,  |d 1946-  |4 aut  |9 208041 
700 1 |a Kučerová, H.  |4 aut  |9 1143992 
700 1 |a Krupa, P.  |4 aut  |9 800083 
700 1 |a Přikryl, R.  |4 aut  |9 1144015 
700 1 |a Kašpárek, T.  |4 aut  |9 1144012 
773 0 |t Česká a slovenská psychiatrie : Časopis české psychiatrické společnosti a slovenskej psychiatrickej spoločnosti  |g Roč. 102, č. 2 (2006), s. 73-79 
954 |a odborná, vedecká literatúra cudzojazyčná (svetová)  |2 lita 
958 |a OND 
958 |a EUIPO 
958 |a article14 
999 |c 1938121  |d 1940051